| 000 | 00419nam a22001337a 4500 | ||
|---|---|---|---|
| 020 | _a0-13-247072-1 | ||
| 082 | _a621.56 LAN'E | ||
| 100 |
_aLANGLEY, B. C _978423 |
||
| 245 | _aELECTRIC METHODS FOR REFERIGERATIONAND AIR CONDITIONING | ||
| 260 |
_aNEWJERSCY _bPRENTICE HALL _c1974 |
||
| 300 | _a195P | ||
| 650 |
_aREFERIGERATION AND REFRIGERATING MACHINING AIR CONDITIONING CONTROL HEATING CONTROL _978424 |
||
| 942 | _cBK | ||
| 999 |
_c583545 _d583545 |
||